000 00297cam a2200109 4500
008 020326n2002 000 0 eng u
035 _a(Sirsi) u117245
245 2 _aA fresh beginning for European urban policy
260 _c2002
490 _aRICS European Alert
_vJanuary 2002, 1-2(2)
942 _n0
999 _c69844
_d69844